000 01308nam a2200241Ia 4500
999 _c51968
_d51968
001 18969
003 GE_BSU
005 20220919111718.0
008 181216s2013||||ge |||||||||||||| ||geo||
040 _cGE_BSU
041 _ageo
080 _a821 ბ-19
100 _aბაკურიძე, ნუნუ
_911383
245 _aიმპრესიონიზმის ფილოსოფია მარსელ პრუსტის შემოქმედებაში /
_cნუნუ ბაკურიძე; მეცნ. ხელმძღვ. ი. ცხვედიანი;ბათუმის შოთა რუსთაველის სახ-ფო უნ-ტი.
264 _aბათუმი,
_c2013.
300 _a159 გვ.;
_b30 სმ.
653 _aდისერტაცია
653 _aიმპრესიონიზმის ფილოსოფია მარსელ პრუსტის შემოქმედებაში.
653 _aლიტმცოდნეობა
700 _aცხვედიანი, ი.
_eსამეცნიერო ხელმძღვანელი
_911384
710 _aბათუმის შოთა რუსთაველის სახ-ფო უნ-ტი
_911385
942 _cDS
_2udc